| 000 | 00424cam a2200157ua 4500 | ||
|---|---|---|---|
| 020 | _a90 277 2260 9 | ||
| 041 |
_aeng _h |
||
| 082 |
_a621.0426 _bPAG/PR |
||
| 100 | _aPage, J K . | ||
| 245 |
_aPrediction of solar radiation on inclined surfaces vol-3 / _cJ K Page. _hTextual Documents |
||
| 260 |
_a : _bD Reidel publishing company , _c1986. |
||
| 300 | _a459 ; . | ||
| 504 | _a | ||
| 942 | _cBK | ||
| 999 |
_c6286 _d6286 |
||